000 00547nam a2200193Ia 4500
005 20250326141940.0
008 250326s9999 xx 000 0 und d
020 _a0-8247-7682-8
037 _aTextbook
040 _aFMSL
_beng
_cFMSL
041 _aeng
_2eng
084 _aX62 M6
_qFMSL
100 _aLatzko W J
_9745327
245 0 _aQuality productivity for bankers and ficial managers
_cLatzko W J
260 _aNew York
_bNew York, Marcel dekker
_c1986
300 _a217p
942 _cTB
_hX62 M6
999 _c1292746
_d1292746